Estadísticas del comercio exterior México : entidades federativas : septiembre 2000 /
Base de datos con información estadística sobre las relaciones comerciales de México con el exterior, desagregada estado por estado. Al interior de cada año, el disco de un mes acumula todos los anteriores; es decir, enero de 1997 comprende sólo información de ese mes, pero julio del mismo año, incl...
Bewaard in:
| Formaat: | Elektronisch |
|---|---|
| Taal: | Spaans |
| Gepubliceerd in: |
México : Columbia, EUA :
Banco Nacional de Comercio Exterior ; Global Trade Information Services,
1997, c1993
|
| Reeks: | (Atlas de Comercio Exterior = The World Trade Atlas)
|
| Onderwerpen: | |
| Tags: |
Geen labels, Wees de eerste die dit record labelt!
|
MARC
| LEADER | 00000nmm^a2200000^a^4500 | ||
|---|---|---|---|
| 001 | 000115839 | ||
| 005 | 20250521000000.0 | ||
| 009 | 20260310094107.676 | ||
| 037 | |a Acervo ITESO - Biblioteca | ||
| 041 | |a ESP | ||
| 082 | |a 382. 0972 |b ATL 2000-ef V. 9 | ||
| 240 | 1 | 1 | |a [Atlas de comercio exterior de México, 2000] |
| 245 | 1 | 0 | |a Estadísticas del comercio exterior México : |b entidades federativas : septiembre 2000 / |c Bancomext. |
| 264 | 4 | |a México : |b Banco Nacional de Comercio Exterior ; |a Columbia, EUA : |b Global Trade Information Services, |c 1997, c1993 | |
| 300 | |a 2 discos compactos de computadora | ||
| 336 | |a datos para computadora |b cod |2 rdacontenido | ||
| 337 | |a computadora |b c |2 rdamedio | ||
| 338 | |a disco de computadora |b cd |2 rdasoporte | ||
| 440 | 1 | |a (Atlas de Comercio Exterior = The World Trade Atlas) | |
| 520 | |a Base de datos con información estadística sobre las relaciones comerciales de México con el exterior, desagregada estado por estado. Al interior de cada año, el disco de un mes acumula todos los anteriores; es decir, enero de 1997 comprende sólo información de ese mes, pero julio del mismo año, incluye los datos de enero a julio. | ||
| 546 | |a Edición bilingüe español-inglés | ||
| 649 | |a XX | ||
| 650 | |a Importaciones - |z México - |x Estadísticas | ||
| 650 | |a Exportaciones - |z México - |x Estadísticas | ||
| 650 | |a Balanza Comercial - |z México - |x Estadísticas | ||
| 650 | |a Comercio Exterior - |z México - |x Estadísticas | ||
| 650 | |a Economía - |z México - |x Estadísticas | ||
| 650 | |a México - |x Estadísticas - |y 1994-2000 | ||
| 910 | |a Fondo General | ||
| 920 | |a Electrónicos - Recursos en Disco | ||
| 905 | |a 207 | ||
| 901 | |a 0500052268 |b IT2 |c SWB |u 20250521 | ||
| 901 | |a 0500052269 |b IT2 |c SWB |u 20250521 | ||
| 902 | |a https://opac.biblio.iteso.mx/vufind/Record/000115839 | ||